000 00548nam a22002297a 4500
003 UA-OsUOA
001 86331
007 ta
008 20120830b un ||||| |||| 00| 0 ukr d
100 _aГеродот
090 _a94(477).012
_bГ39
942 _cBK
040 _aUA-OsUOA
_bukr
_cUA-OsUOA
_dUA-OsUOA
245 _aОпис Скитії
300 _a112 с.
955 _a2
041 _aukr
080 _a94(477).012
260 _c1968
650 7 _a9 Географія. Біографії. Історія
_2UDC
999 _c372709
_d372709